[Event "Summer Prague Open A 2020"]
[Site "Prague"]
[Date "2020.08.09"]
[Round "2.12"]
[White "Malassagne, Raphael"]
[Black "Hurtak, Otto"]
[Result "1-0"]
[WhiteElo "2305"]
[BlackElo "2100"]
[Annotator "TA"]
[PlyCount "153"]
[EventDate "2020.08.08"]
[EventCountry "CZE"]
[SourceTitle "playchess.com"]
[Source "ChessBase"]
[SourceQuality "1"]

{[%evp 9,153,6,4,-56,-48,-39,-55,-39,-43,-57,-31,-67,-64,-49,-70,-43,-30,-31,-40,-79,-42,-156,-148,-152,-177,-152,-154,-199,-177,-83,0,0,0,-207,-33,-29,0,0,52,51,96,81,87,92,90,87,79,83,89,87,90,89,92,77,78,74,84,81,165,179,175,168,171,179,155,169,162,146,156,114,262,0,150,0,222,142,209,189,358,306,285,322,392,379,356,151,314,308,366,356,218,0,0,0,141,141,141,0,0,0,0,0,0,0,0,0,0,0,0,0,0,0,0,0,0,0,0,0,0,0,0,0,0,0,0,0,0,0,0,0,0,0,0,0,12849,12849,12850,12850,12850,29976,12851,29985,12851,29986,12851,27999]} 1. d4 d5 2. Bf4 c5 3. e3 cxd4 4. exd4 Nc6 5. c3 f6 6. Bd3 {B13: Caro-Kann: Exchange Variation and Panov-Botvinnik Attack.} (6. Bb5 $11) 6... e5 $15 7. Qh5+ g6 $1 {[%cal Rg6h5] [#]} 8. Bxg6+ $1 {[%mdl 512] Black is slightly better.} hxg6 9. Qxh8 exf4 10. Qxg8 Bf5 $1 11. Ne2 {[#]} Qd7 $146 {Hoping for ...0-0-0.} ({Predecessor:} 11... f3 12. gxf3 Qe7 13. Qxd5 Bd3 14. O-O Rd8 15. Qb3 Qxe2 16. Na3 Qxf3 17. Rfe1+ Ne7 18. Re3 Qg4+ 19. Rg3 Qe4 20. Rd1 Ba6 21. Re3 Qg4+ {½-½ (21) Wittal,W (2096)-Polo,P (2047) IECC email 2018}) 12. Nxf4 O-O-O 13. O-O Bd6 14. Qxd5 g5 $1 (14... Bxf4 $6 15. Qxd7+ Kxd7 16. g3 $14) 15. g3 (15. f3 $15) 15... gxf4 $17 16. Nd2 Qh7 $1 17. Rae1 Kb8 ({Inferior is} 17... fxg3 18. fxg3 Bh3 19. Qf3 $11 (19. Rxf6 Bxg3 20. Qe4 Qh4 $11)) 18. Re8 Rxe8 19. Qxd6+ Qc7 (19... Ka8 $17 20. Qxf4 Bh3) 20. Qxf6 $11 Bh3 21. Rc1 $2 {[#]} (21. Rd1 $11) 21... fxg3 $2 (21... Nxd4 $1 $19 {[%mdl 512] Threatens to win with ...Ne2+.} 22. Qxd4 (22. cxd4 Qxc1+) 22... Rd8) 22. hxg3 $15 Qh7 23. Nf3 Rh8 (23... Bc8 $11) 24. Re1 $1 $14 Be6 {[%csl Gh8][%cal Rh7h1]} 25. Nh4 Bxa2 {[#]} 26. d5 $1 {[%cal Rd5c6][%mdl 512]} Nd8 (26... Bxd5 27. Qd6+) 27. Re7 $1 {[%cal Re7h7]} ({Reject} 27. Ra1 Bb3 $11) 27... Qb1+ 28. Kh2 Bxd5 {[%csl Gd5][%cal Rb1h1]} 29. Qd6+ Ka8 {[%csl Gd5][%cal Rb1h1]} 30. Qxd5 $40 {[%mdl 128] White goes for the king.} Qxb2 31. Qc5 {[%cal Rc5c8]} Nc6 32. Rf7 a5 33. Kg2 a4 (33... Qb3 $16 {is a better defense.} 34. c4 a4) 34. Ng6 Re8 35. Rf4 $1 {[%cal Rf4a4]} Qb3 36. Qc4 $1 Kb8 37. Qxa4 Qxc3 38. Rf7 Qd3 39. Qf4+ Ka8 {[#]} (39... Ka7 $16 {was worth a try.}) 40. Qa4+ (40. Ne7 $1 $18 {Intending Qa4+ and mate.} Rxe7 41. Rxe7 Nxe7 42. Qf8+ {[%mdl 64] Double Attack} Nc8 43. Qxc8+ Ka7 44. Qc5+ b6 45. Qe7+ Ka6 46. g4) 40... Kb8 $16 41. Qf4+ (41. Nf4 $16 Qb1 42. Qc4) 41... Ka8 $1 $18 42. Qf5 Qb3 (42... Qxf5 $16 43. Rxf5 Kb8) 43. Nf4 Ne5 $2 (43... Re5 {was necessary.} 44. Qc8+ Ka7) 44. Rf8 Qf3+ 45. Kg1 Qc6 46. Rxe8+ Qxe8 47. Qe6 (47. Ne6 $18 Nf3+ 48. Qxf3 Qxe6 49. g4) 47... Qb5 $2 (47... Qxe6 $16 {keeps fighting.} 48. Nxe6 Ka7) 48. Kg2 Qc5 49. Nd5 Qd4 {intending ...Qe4+.} 50. Nc7+ $2 ({White should try} 50. Nb6+ $18 Ka7 51. Nc8+ Kb8 52. Nd6) 50... Kb8 $11 51. Qd5 Qxd5+ (51... Nc6 $11 52. Qxd4 Nxd4) 52. Nxd5 {[%mdl 4096] Endgame KN-KN} b5 {[#]} 53. f4 (53. Nb4 $1 $16) 53... Nc6 $1 54. Kf3 Kc8 55. Ke4 Kd7 56. g4 {And now Kd3 would win.} b4 57. Kd3 Kd6 58. Ne3 Kc5 59. g5 {Strongly threatening Nf5.} b3 60. Nd1 Kd5 61. Nc3+ Ke6 62. Ke4 Ne7 63. Na4 {aiming for Nc5+.} Kf7 64. f5 Nc6 65. Nb2 Ne7 66. Nd3 Nc6 67. Nb2 Ne7 68. Nc4 Nc6 69. Kd5 Nb4+ 70. Kd4 {Black must now prevent Ne5+.} Nc6+ 71. Kc3 Ne7 $2 {[%mdl 8192]} (71... b2 $11 72. Kxb2 Nd4) 72. Ne5+ Kf8 73. f6 Nd5+ 74. Kxb3 Nc7 75. Kc4 (75. g6 $18 Kg8 76. Kc4) 75... Ne6 76. g6 Nf4 77. Nd7+ {Both players deserved the win here. Accuracy: White = 83%, Black = 68%.} (77. g7+ $18 Kg8 78. Ng4 Kf7 79. Nh6+ Kxf6 80. g8=Q Ke5 81. Qh7 Kd6 82. Qe4) 1-0

[Event "Summer Prague Open A 2020"]
[Site "Prague"]
[Date "2020.08.09"]
[Round "2.13"]
[White "Balint, Peter"]
[Black "Serrano Salvador, Eduardo"]
[Result "1-0"]
[WhiteElo "2105"]
[BlackElo "2299"]
[Annotator "TA"]
[PlyCount "71"]
[EventDate "2020.08.08"]
[EventCountry "CZE"]
[SourceTitle "playchess.com"]
[Source "ChessBase"]
[SourceQuality "1"]

{[%evp 11,71,35,46,22,27,34,22,30,41,36,34,-27,-39,-33,43,58,114,91,132,139,143,143,262,260,263,264,263,262,260,262,258,258,249,248,247,227,225,208,270,229,306,304,293,309,318,285,288,286,285,260,362,363,359,361,475,481,485,435,633,634,738,697]} 1. e4 c5 2. Nf3 e6 3. d4 cxd4 4. Nxd4 Nc6 5. Nc3 Qc7 6. Be3 a6 7. Qf3 $1 {[%mdl 4] outshines the older 7.Qd2. B48: Sicilian: Taimanov: 5 Nc3 Qc7 6 Be3 a6 without Be2.} Nf6 8. O-O-O Nxd4 9. Bxd4 {And now e5 would win.The position is equal.} e5 10. Be3 d6 11. Bg5 (11. h3 $14) 11... Bg4 $11 12. Nd5 Nxd5 (12... Qc8 $15 13. Nxf6+ gxf6 14. Qxf6 Bxd1 15. Kxd1 Rg8) 13. Qxg4 $14 {[#]} Nb4 $146 {White stays focused until the end.} ({Better is} 13... Rc8 $14 14. c4 h5) ({Predecessor:} 13... Rc8 14. c4 Nb4 15. Kb1 h5 16. Qh3 Be7 17. Bd2 Nc6 18. Bc3 Rh6 19. f4 Rd8 {1-0 (35) Kotronias,V (2509)-Reznak,A (2280) Budapest 2018}) 14. c3 $16 Rc8 15. Kb1 $36 {[%mdl 2048] White has strong initiative.} Nc6 16. Bc4 Na5 (16... Nd8 $16) 17. Bxf7+ $18 Kxf7 18. Qf5+ Ke8 {[#] Threatens to win with ...Qd7.} 19. Qe6+ Be7 20. Bxe7 Qd7 21. Qxd7+ ({Less strong is} 21. Rxd6 Qxe6 22. Rxe6 Kf7 $14) 21... Kxd7 22. Bxd6 {[#] Black must now prevent Bb4+.} Ke6 23. f4 Nc4 24. fxe5 Ne3 25. Rd2 Rc4 26. Re1 Ng4 27. h3 Nh6 28. Rd4 Rc6 29. Bb4 Nf7 30. Red1 {Rd7 is the strong threat.} Re8 31. Rd7 b5 32. Ra7 Nxe5 33. Rxg7 {White is clearly winning.} h6 34. Rh7 Nf7 (34... Kf6 $142 35. Rxh6+ Kg5) 35. Rf1 Rc7 36. e5 {Accuracy: White = 76%, Black = 47%.} 1-0

[Event "Summer Prague Open A 2020"]
[Site "Prague"]
[Date "2020.08.09"]
[Round "2.14"]
[White "Bakiev, Diyor"]
[Black "Froeyman, Helmut"]
[Result "1/2-1/2"]
[WhiteElo "2098"]
[BlackElo "2281"]
[Annotator "TA"]
[PlyCount "65"]
[EventDate "2020.08.08"]
[EventCountry "CZE"]
[SourceTitle "playchess.com"]
[Source "ChessBase"]
[SourceQuality "1"]

{[%evp 21,65,0,6,-14,-17,-18,-15,-20,-14,-38,-32,-42,-43,-100,-94,-108,-66,-74,-61,-64,-68,-66,-72,-73,-77,-99,-89,-92,-54,-66,-67,-67,0,0,0,-59,-54,-49,-51,-45,-56,-49,-57,-57,-48,-59]} 1. e4 e5 2. Nf3 Nc6 3. Bb5 a6 4. Ba4 Nf6 5. Qe2 b5 6. Bb3 Be7 7. O-O O-O 8. c3 d6 9. Rd1 Na5 10. Bc2 c5 11. d3 Re8 12. Nbd2 {C86: Closed Ruy Lopez: Worrall Attack.} Bf8 13. Nf1 h6 14. h3 {The position is equal.} d5 15. g4 Nc6 16. Ng3 {[#]} d4 $146 ({Predecessor:} 16... dxe4 17. dxe4 Qe7 18. a4 Rb8 19. axb5 axb5 20. g5 hxg5 21. Nxg5 g6 22. Kg2 Nd8 {½-½ (33) Matejovic,J-Gregor,M (2148) Zvolen 2000}) 17. Kh2 (17. Bb3 $15) 17... a5 $17 18. a4 dxc3 {Hoping for ...b4.} 19. axb5 Nd4 20. Nxd4 cxb2 $1 21. Bxb2 exd4 22. Bc1 Bd7 23. Ba4 {[#]} Nd5 $1 {[%mdl 512]} 24. Bd2 (24. exd5 Rxe2) 24... Bd6 25. Qf3 Nb4 $1 26. Kg2 Qb6 (26... Bxg3 $15 27. Qxg3 (27. fxg3 Rf8 $17) 27... Qb6) 27. Nf5 $11 Be5 28. Bf4 (28. Rdc1 $11) 28... Bxb5 $15 {Black is slightly better.} 29. Bxb5 Qxb5 30. Bxe5 Rxe5 31. Nd6 Qd7 32. Nc4 Re6 $1 33. Rxa5 {Accuracy: White = 90%, Black = 83%.} 1/2-1/2

[Event "Summer Prague Open A 2020"]
[Site "Prague"]
[Date "2020.08.09"]
[Round "2.15"]
[White "Mladek, Richard"]
[Black "Hagner, Bennet"]
[Result "1-0"]
[WhiteElo "2280"]
[BlackElo "2034"]
[Annotator "TA"]
[PlyCount "69"]
[EventDate "2020.08.08"]
[EventCountry "CZE"]
[SourceTitle "playchess.com"]
[Source "ChessBase"]
[SourceQuality "1"]

{[%evp 27,69,32,29,-1,-2,-9,-11,-22,9,-16,0,-24,-17,-24,61,0,-5,-16,18,4,14,5,65,-36,0,-56,55,38,253,216,240,39,49,37,547,547,745,731,1280,677,1693,1617,1700,1628]} 1. e4 e5 2. Nf3 Nc6 3. Bb5 a6 4. Ba4 Nf6 5. O-O Be7 6. Re1 b5 7. Bb3 d6 8. c3 O-O 9. h3 Bb7 10. d4 Re8 11. Ng5 Rf8 12. Nf3 Re8 13. Nbd2 Bf8 {The old main line.} 14. Bc2 g6 15. a4 {C92: Closed Ruy Lopez: 9...Be6, Karpov and Flohr-Zaitsev Variations.} exd4 16. cxd4 Nb4 17. Bb1 {The position is equal.} c5 18. d5 Nd7 {[#]} 19. Qb3 $146 ({Predecessor:} 19. Nf1 Bg7 20. Re2 c4 21. axb5 axb5 22. Rxa8 Qxa8 23. Bf4 Ne5 24. Nxe5 Bxe5 25. Bxe5 Rxe5 26. Qd2 Qa4 27. Re3 {½-½ (43) De Winter,A (1953)-Hagner,B (1847) Bratislava 2019}) 19... Qa5 20. Ra3 Nb6 (20... bxa4 $11 21. Rxa4 Qb5) 21. axb5 (21. Qd1 $14 bxa4 22. b3) 21... Qxb5 $11 22. Nf1 Bg7 23. Ne3 a5 24. Qd1 Ba6 (24... Bc8 $11) 25. Nd2 (25. Ng4 $14) 25... c4 26. b3 (26. Nf3 $11) 26... cxb3 (26... c3 $15 27. Ndc4 Nxc4 28. Nxc4 Qb8) 27. Nxb3 $14 a4 $2 ({Black should try} 27... Na4 $14) 28. Nd4 $18 Qc5 {[#]} 29. Bb2 $2 (29. Ndf5 $1 $18 {[%mdl 512]}) 29... Reb8 30. Qd2 {And now Ndf5! would win.} Qa5 $2 {[%mdl 8192] [#]} (30... Nd7 $1 $14) 31. Nb3 $1 {[%mdl 512] White is clearly winning.} Qb5 (31... axb3 32. Rxa5) 32. Bxg7 Kxg7 33. Nd4 Qa5 {[#]} 34. Nef5+ $1 {[%mdl 576] Double Attack} Kh8 {[#]} (34... gxf5 35. Nxf5+) 35. Nb3 $1 {[%mdl 576] Pin. Accuracy: White = 56%, Black = 24%.} 1-0

[Event "Summer Prague Open A 2020"]
[Site "Prague"]
[Date "2020.08.09"]
[Round "2.16"]
[White "Toman, Jan"]
[Black "Csiki, Endre"]
[Result "1/2-1/2"]
[WhiteElo "2061"]
[BlackElo "2266"]
[Annotator "TA"]
[PlyCount "58"]
[EventDate "2020.08.08"]
[EventCountry "CZE"]
[SourceTitle "playchess.com"]
[Source "ChessBase"]
[SourceQuality "1"]

{[%evp 17,58,-4,0,0,0,0,0,4,0,0,10,0,0,0,0,0,27,13,29,30,55,50,74,85,88,85,80,74,74,93,227,139,301,95,87,88,98,102,95,95,98,0,72]} 1. d4 Nf6 2. c4 g6 3. Nc3 d5 4. cxd5 Nxd5 5. Bd2 Bg7 6. e4 Nxc3 7. Bxc3 O-O 8. Nf3 Bg4 9. Be2 c5 {next ...Bxf3 is good for Black.} 10. d5 {D90: Grünfeld: 4 Nf3 Bg7 sidelines.} e6 11. O-O exd5 12. exd5 Qd6 13. Qb3 b6 14. h3 (14. Rfe1 {looks sharper.} Nd7 15. Nd2 Bxe2 16. Ne4 c4 17. Qb5) 14... Bxf3 15. Bxf3 Nd7 16. a4 {[#]} Rab8 $146 ({Predecessor:} 16... Rac8 17. Be2 Rfe8 18. Bb5 Bxc3 19. bxc3 c4 20. Bxc4 Nc5 21. Qd1 Ne4 22. Qd4 Qc5 23. Qxc5 Rxc5 {½-½ (31) Kurbasov,S (2188)-Oppermann,P (2290) ICCF email 2015}) 17. Rfe1 Ne5 18. Be2 $36 {[%mdl 2048] White has the initiative.} Rfd8 19. Rad1 Nd7 20. Bb5 Bxc3 21. bxc3 {[%cal Bb2c3,Bc3c4][%mdl 32]} Rbc8 22. Re6 Qf4 ({But not} 22... fxe6 $2 23. dxe6 c4 24. Bxc4 $18 (24. Rxd6 $2 {loses.} cxb3 {[%mdl 64] Discovered Attack} 25. e7 Re8 $19)) 23. Re7 Nf6 (23... c4 $16 {was called for.} 24. Qc2 Nf6) 24. c4 Rc7 $2 {[#]} (24... Ne8 $16 25. Rxa7 Nd6) 25. Rde1 $2 (25. d6 $1 $18 {[%cal Rd6c7][%mdl 512]} Rxe7 (25... Rxd6 26. g3) 26. dxe7) 25... Rxe7 $16 26. Rxe7 a6 27. Bxa6 Re8 {[#]} 28. Rxe8+ $1 Nxe8 29. Qxb6 Qc1+ {Accuracy: White = 68%, Black = 66%.} 1/2-1/2

[Event "Summer Prague Open A 2020"]
[Site "Prague"]
[Date "2020.08.09"]
[Round "2.17"]
[White "Cap, Adam"]
[Black "Mitrandzas, Athanasios"]
[Result "1-0"]
[WhiteElo "2278"]
[BlackElo "2076"]
[Annotator "TA"]
[PlyCount "59"]
[EventDate "2020.08.08"]
[EventCountry "CZE"]
[SourceTitle "playchess.com"]
[Source "ChessBase"]
[SourceQuality "1"]

{[%evp 15,59,0,2,-27,21,17,35,27,69,74,91,77,88,90,79,86,84,89,103,98,243,214,370,351,311,341,349,342,442,213,462,466,462,456,429,443,431,418,460,451,841,876,809,447,1127,737]} 1. e4 c5 2. Nf3 e6 3. d4 cxd4 4. Nxd4 Nf6 5. Nc3 d6 6. Be2 Be7 7. O-O O-O 8. f4 Nc6 9. Nb3 {B83: Sicilian Scheveningen: 6 Be2, lines without ...a6.} Qb6+ (9... b5 $5) 10. Kh1 Bd7 11. Bf3 {[#] White is slightly better.} Na5 $146 ({Predecessor:} 11... a6 12. Qe2 Qc7 13. a4 b6 14. Be3 Nb4 15. Rad1 Bc6 16. Nd4 Bb7 17. Qf2 Rac8 {½-½ (31) Blimke,D (2105)-Alexandrova,O (2200) Frydek Mistek 1997}) 12. e5 Ne8 13. Nxa5 Qxa5 14. Bxb7 Rd8 15. Qe2 dxe5 16. fxe5 Nc7 17. Be4 Bb4 (17... Bc8 $16 {keeps fighting.}) 18. Bg5 ({And not} 18. Qh5 f5 $11) 18... f6 $2 (18... f5 {might work better.}) 19. Qh5 f5 20. Bxd8 Rxd8 21. Rad1 Be7 {[#]} 22. Qf3 (22. Rxd7 $142 $1 Rxd7 {[#]} 23. Bxf5 $1 {[%mdl 512]} exf5 24. Qxf5) 22... Qb4 $2 (22... Qc5 23. Bb7 Qxe5) 23. Bc6 $18 Bc8 24. Rxd8+ Bxd8 25. Rd1 Be7 26. Qe3 Qa5 {[#]} 27. b4 $1 {[%mdl 64] Deflection. White is clearly winning.} Qxb4 (27... Qa3 $142 28. Nd5 Qxe3 29. Nxe3 Na6) 28. Qxa7 Na6 29. Bb5 Nb8 (29... Qc5 $142 30. Qxc5 Nxc5) 30. Qxb8 {Black did not feel at home in the position after the opening. Accuracy: White = 66%, Black = 26%.} 1-0

[Event "Summer Prague Open A 2020"]
[Site "Prague"]
[Date "2020.08.09"]
[Round "2.18"]
[White "Rudiano, Nicolas"]
[Black "Mirimanian, Hayk"]
[Result "0-1"]
[WhiteElo "2077"]
[BlackElo "2268"]
[Annotator "TA"]
[PlyCount "62"]
[EventDate "2020.08.08"]
[EventCountry "CZE"]
[SourceTitle "playchess.com"]
[Source "ChessBase"]
[SourceQuality "1"]

{[%evp 20,62,41,41,58,50,83,17,25,27,16,4,6,-1,40,21,56,56,66,25,41,0,0,0,0,0,0,-81,-79,-147,-145,-267,-282,-412,-406,-697,-693,-29993,-29994,-29994,-29995,-29996,-29997,-29997,-29998]} 1. e4 c5 2. Nf3 e6 3. d4 cxd4 4. Nxd4 Nf6 5. Nc3 Nc6 6. Be2 Qc7 7. O-O a6 8. Be3 Bb4 9. Nxc6 bxc6 10. Na4 Rb8 11. c4 Be7 {B49: Sicilian: Taimanov: 5 Nc3 Qc7 6 Be3 a6 7 Be2.} 12. c5 d5 {[#]} 13. exd5 $146 ({White should try} 13. cxd6 $1 $16 Bxd6 14. Bb6 Bxh2+ 15. Kh1 Rxb6 16. Nxb6) ({Predecessor:} 13. cxd6 Bxd6 14. Bb6 Qe7 15. Qc2 O-O 16. Rfd1 c5 17. Rac1 Bd7 18. e5 Bxa4 19. exd6 {0-1 (42) Sznapik,A-Schmidt,W Gdynia 1973}) 13... Nxd5 $11 {The position is equal.} 14. Bd2 O-O 15. Qc2 e5 16. Rfe1 f5 17. Bc4 Kh8 18. Rad1 Bf6 19. a3 (19. Nb6 $5) 19... e4 20. Bxd5 cxd5 21. Bc3 $1 Be6 {...d4! is the strong threat.} 22. b4 Rbd8 {Strongly threatening ...d4.} 23. Bxf6 (23. Qb2 $11 {remains equal.}) 23... Rxf6 $17 24. Qc3 {[#]} (24. Qd2 $142) 24... Rh6 $1 $36 {[%mdl 2048] Black is really pushing.} 25. g3 (25. f4 $17 {was necessary.}) 25... f4 $19 26. Qd4 (26. Nb6 {keeps fighting.} Qf7 27. Qe5) 26... Bg4 27. Rd2 (27. Nc3 $142 Bxd1 28. Rxd1) 27... Bf3 {And now ...Qc8 would win.} 28. Nc3 {[#] If only White now had time for Rxe4....} Rxh2 $3 {[%mdl 512] Black mates.} 29. Kxh2 Qc6 30. gxf4 Qh6+ {[%mdl 64] Double Attack} 31. Kg3 Qg6+ {Accuracy: White = 38%, Black = 83%.} 0-1

[Event "Summer Prague Open A 2020"]
[Site "Prague"]
[Date "2020.08.09"]
[Round "2.19"]
[White "Pribylova, Sofie"]
[Black "Slampa, Jan"]
[Result "0-1"]
[WhiteElo "2073"]
[BlackElo "2264"]
[Annotator "TA"]
[PlyCount "112"]
[EventDate "2020.08.08"]
[EventCountry "CZE"]
[SourceTitle "playchess.com"]
[Source "ChessBase"]
[SourceQuality "1"]

{[%evp 24,112,16,11,21,9,15,9,38,32,23,27,37,44,66,39,56,61,48,55,64,21,20,18,12,24,16,18,31,24,29,14,24,36,21,23,29,0,28,11,15,0,83,66,78,81,73,74,72,-44,-45,-47,0,0,0,-12,71,7,91,8,173,170,247,259,242,268,358,371,343,196,139,185,155,147,122,0,0,0,9,10,233,-272,-265,-250,-237,-239,-233,-1251,-1220,-1118,-1075]} 1. c4 Nf6 2. g3 g6 3. Bg2 Bg7 4. Nc3 d6 5. e4 c5 6. Nge2 O-O 7. O-O Nc6 8. d3 a6 9. h3 Rb8 10. a4 Ne8 11. Be3 Nc7 12. d4 cxd4 13. Nxd4 Bd7 {A36: Symmetrical English vs ...g6: 4 Bg2 Bg7.} 14. Kh2 Ne6 {[%cal Rg7d4]} 15. Nde2 Nc5 {The position is equal.} 16. Rb1 Nb4 17. b3 Qc8 {[#]} 18. Nd4 $146 ({Predecessor:} 18. Bd4 e5 19. Be3 Qc7 20. Qd2 Rbd8 21. f4 f5 22. fxe5 Bxe5 23. Bh6 Rf7 24. Nd4 {1-0 (30) Braun,A (2259)-Buese,R (2084) IECC email 1999}) 18... Ne6 19. Rc1 Nxd4 20. Bxd4 Bxd4 21. Qxd4 Qc5 22. Rfd1 (22. Qd2 {seems wilder.} a5 23. f4 Rbe8 24. Rcd1 b6 25. Rfe1) 22... Qxd4 23. Rxd4 Nc6 24. Rd2 Na5 25. Rb1 b5 26. axb5 axb5 27. Ra2 b4 28. Nd5 Nc6 29. Ra6 {Hoping for Rxc6!} Kg7 30. f4 Rfd8 31. g4 e5 32. f5 g5 (32... Be8 $11) 33. h4 gxh4 34. Kh3 $36 {[%mdl 2048] Keeping Black busy.} Be8 35. g5 Nd4 36. Nc7 ({Better is} 36. f6+ $16 Kf8 37. Kxh4) 36... Bc6 $15 37. Kxh4 {[#]} Nxf5+ $1 {[%mdl 512]} 38. exf5 Bxg2 39. Rd1 Rbc8 (39... Be4 $11 {keeps the balance.}) 40. Nd5 (40. Ra7 $1 $16 {aiming for Ne6+.} Kf8 41. Nd5) 40... Bf3 (40... Bxd5 $1 $11 {remains equal.} 41. Rxd5 e4) 41. Rd2 (41. f6+ $16 Kf8 42. Rd2) 41... Ra8 $2 (41... Bxd5 $1 $11 42. Rxd5 e4) 42. f6+ Kf8 (42... Kh8 $142 43. Rxa8 (43. Nxb4 Rxa6 44. Nxa6 h6 $16) 43... Rxa8) 43. Rxa8 $18 ({Less strong is} 43. Nxb4 Rxa6 44. Nxa6 e4 $14) 43... Rxa8 44. Nxb4 {[%mdl 4096] Endgame KRB-KRN} Rd8 {If only Black now had time for ...Ke8....} 45. Kg3 Be4 {[#]} 46. Kf2 (46. c5 $142 $1 {[%mdl 512]}) 46... Ke8 47. Ke3 Ba8 48. Nd5 {Black must now prevent Nb6.} Kd7 49. Nb6+ (49. b4 $16) 49... Ke6 $11 50. b4 Bb7 51. b5 {Strongly threatening c5!} Rg8 $2 {[#]} (51... Rb8 $1 $11 {and Black is okay.}) 52. Nd5 $4 {[%mdl 8192]} (52. c5 $1 $18 {was the only winning move.} dxc5 53. Rd7) 52... Rxg5 $19 53. Nc7+ {[#]} Kd7 $1 54. Nd5 Rg3+ 55. Ke4 $2 (55. Kf2 Rb3 56. Ra2) 55... Ke6 56. Rh2 Rc3 {Accuracy: White = 55%, Black = 63%.} 0-1

[Event "Summer Prague Open A 2020"]
[Site "Prague"]
[Date "2020.08.09"]
[Round "3.1"]
[White "Christiansen, Johan-Sebastian"]
[Black "Kusa, Jakub"]
[Result "1-0"]
[WhiteElo "2612"]
[BlackElo "2239"]
[Annotator "TA"]
[PlyCount "47"]
[EventDate "2020.08.08"]
[EventCountry "CZE"]
[SourceTitle "playchess.com"]
[Source "ChessBase"]
[SourceQuality "1"]

{[%evp 20,47,14,17,21,22,27,19,68,64,102,85,112,92,82,95,79,77,400,382,397,389,398,387,501,497,556,564,743,714]} 1. e4 e5 2. Nf3 Nc6 3. Bb5 a6 4. Ba4 Nf6 5. O-O Nxe4 6. Re1 Nc5 7. Bxc6 dxc6 8. Nxe5 Be7 9. d4 Ne6 10. Be3 O-O 11. c4 f6 {C80: Open Ruy Lopez: Sidelines and 9 Nbd2.} 12. Nf3 Re8 13. Nc3 {[#]} c5 $146 {The position is equal.} ({Predecessor:} 13... Nf8 14. Qb3 Bg4 15. Nd2 b6 16. d5 c5 17. h3 Bh5 18. Nde4 Bd6 19. Nxd6 Qxd6 {1-0 (57) Martirosyan,H (2572)-Petrosyan,M (2551) Yerevan 2018}) 14. dxc5 Bxc5 15. Bxc5 Nxc5 {[#]} 16. Qd5+ $1 Ne6 17. Nd4 {Strongly threatening Qxd8.} Qe7 18. Nxe6 $40 {[%mdl 128] White has strong attack.} c6 $2 {[%mdl 8192]} (18... Bxe6 $16 19. Qxb7 Rab8 20. Qxa6 Rxb2) 19. Nc7+ $18 cxd5 20. Rxe7 Rxe7 21. Nxa8 d4 22. Nd5 {White is clearly winning.} Re2 23. Kf1 Rxb2 24. Ne7+ {[%mdl 64] Double Attack. Black did not feel at home in the position after the opening. Accuracy: White = 100%, Black = 28%.} 1-0

[Event "Summer Prague Open A 2020"]
[Site "Prague"]
[Date "2020.08.09"]
[Round "3.2"]
[White "Pribyl, Viktor"]
[Black "Plat, Vojtech"]
[Result "0-1"]
[WhiteElo "2221"]
[BlackElo "2562"]
[Annotator "TA"]
[PlyCount "62"]
[EventDate "2020.08.08"]
[EventCountry "CZE"]
[SourceTitle "playchess.com"]
[Source "ChessBase"]
[SourceQuality "1"]

{[%evp 17,62,0,0,-31,-8,-33,-29,-27,-34,-33,-27,-41,-45,-39,-16,-43,-36,-46,74,0,-2,-105,-104,-104,-91,-101,-100,-188,-178,-285,-272,-299,-242,-529,-525,-536,-536,-518,-505,-480,-228,-527,-501,-549,-557,-535,-525]} 1. e4 e5 2. Nf3 Nc6 3. d4 exd4 4. Nxd4 Nf6 5. Nxc6 bxc6 6. e5 Qe7 7. Qe2 Nd5 8. c4 Nb6 9. b3 a5 10. Nd2 {C45: Scotch Game.} a4 {White should prevent ...axb3.} 11. Bb2 axb3 12. axb3 {Black has an edge.} Rxa1+ 13. Bxa1 Qa3 14. Qd1 Bb4 15. Bd3 Qa2 $36 {[%mdl 2048] aiming for ...Bxd2+. White is under pressure.} 16. Bc2 {Threatens to win with 0-0.} Qa5 $1 {...Bxd2+ is the strong threat.} 17. Ke2 {[#]} Ba6 $146 (17... O-O $15) ({Predecessor:} 17... O-O 18. Ne4 Re8 19. Qd3 Nd5 20. Qg3 Qa2 21. Rc1 Ba3 22. cxd5 Bxc1 23. Kd1 Qxa1 {0-1 (34) Bennett,R (1783)-Young,A (2043) Cardiff 2014}) 18. Bd3 (18. Ne4 $1 $16) 18... d5 $11 19. exd6 {[#]} (19. Qc2 $11 {remains equal.} Bxd2 20. Bd4 (20. Qxd2 Qxd2+ 21. Kxd2 dxc4 $11)) 19... O-O $1 $17 ({Of course not} 19... cxd6 $6 20. Bxg7 Rg8 21. Bd4 $14) 20. Nf3 Re8+ ({Much weaker is} 20... Bxd6 $6 21. Kf1 $11) 21. Kf1 cxd6 22. g3 (22. Kg1 $17 {keeps fighting.}) 22... Bb7 23. c5 (23. h4 $142) 23... Qxc5 $19 ({Less strong is} 23... Bxc5 24. Qb1 $17) 24. Bd4 Qh5 25. Kg2 $2 (25. Bxb6 Re1+ 26. Qxe1 Bxe1 27. Nxe1) 25... c5 26. Bb2 Nd5 {Hoping for ...Nf4+.} 27. h3 {[#]} Re3 $1 {[%mdl 512]} 28. Be2 {[#]} (28. fxe3 Nxe3+) 28... Qf5 (28... Nc3 $142 $1 29. Qxd6 Bxf3+ 30. Kh2 Re8 31. Bxc3 Bxc3) 29. Bc1 $2 {[#]} (29. Kh2 Re8 30. Bd3) 29... Nc3 $1 {[%mdl 64] Double Attack. Black is clearly winning.} 30. Qxd6 {Qd8+ would kill now.} Bxf3+ 31. Kh2 {Threatening mate with Qd8+.} Re8 {Accuracy: White = 35%, Black = 78%.} 0-1